[Event "10th EICC w"]
[Site "St Petersburg RUS"]
[Date "2009.03.19"]
[Round "11"]
[White "Lomineishvili,M"]
[Black "Pogonina,N"]
[Result "1/2-1/2"]
[WhiteElo "2437"]
[BlackElo "2467"]

1.d4 Nf6 2.c4 e6 3.Nc3 Bb4 4.Nf3 d5 5.cxd5 exd5 6.Bg5 h6 7.Bh4 g5 8.Bg3 Ne4
9.Nd2 Nxg3 10.hxg3 c6 11.e3 Bf8 12.Qb3 Bg7 13.Bd3 Nd7 14.O-O-O Nf6 15.Kb1 O-O
16.Qc2 Re8 17.Nf3 Be6 18.Ne5 c5 19.f4 cxd4 20.exd4 g4 21.Rh4 h5 22.Rdh1 a6
23.f5 Bd7 24.Qb3 Bc6 25.Ne2 a5 26.Nf4 a4 27.Qd1 a3 28.Nxh5 Nxh5 29.Qxg4 Qf6
30.Rxh5 Kf8 31.Qf4 Ra4 32.Nf3 Rxd4 33.Nxd4 Qxd4 34.Qxd4 Bxd4 35.bxa3 Re3
36.Bc2 Rxg3 37.Rd1 Bf6 38.Rd2 d4 39.Rh3 Rg5 40.g3 Be5 41.Re2 f6 42.Be4 Ke7
43.Rh4 Kd6 44.g4 Rg8 45.Kc2 Bxe4+ 46.Rxe4 Kd5 47.Re2 Rc8+ 48.Kd1 Rc3 49.Rh7 d3
50.Rd7+ Kc6 51.Rxe5 Kxd7 52.Re6 Rc4 53.Kd2 Rxg4 54.Kxd3 Rg3+ 55.Ke4 Rxa3
56.Rxf6 Ke7 57.Rb6 Rxa2 58.Rxb7+ Kf6 59.Rb6+ Kf7 60.Kf4 Rf2+ 61.Ke4  1/2-1/2

[Event "11th Rector Cup Match of Champions"]
[Site "Kharkov UKR"]
[Date "2009.03.29"]
[Round "4"]
[White "Moiseenko,A1"]
[Black "Miroshnichenko,E"]
[Result "1/2-1/2"]
[WhiteElo "2676"]
[BlackElo "2667"]

1.d4 Nf6 2.c4 e6 3.Nc3 Bb4 4.Nf3 c5 5.g3 Ne4 6.Bd2 Bxc3 7.bxc3 O-O 8.Bg2 Nc6
9.Be3 d5 10.dxc5 Qa5 11.O-O Rd8 12.Nd4 Nxc5 13.Qc2 Qa4 14.Nb3 Ne4 15.Rfd1 Qxc4
16.Bxe4 Qxe4 17.Qxe4 dxe4 18.Rxd8+ Nxd8 19.Rd1 Nc6 20.Na5 f6 21.Nxc6 bxc6
22.Rd8+ Kf7 23.Bc5 e5 24.c4 Kg6 25.Rf8 a5  1/2-1/2

[Event "10th TCh-RUS w"]
[Site "Dagomys RUS"]
[Date "2009.04.03"]
[Round "2"]
[White "Tarasova,Viktoriy"]
[Black "Gaponenko,I"]
[Result "1/2-1/2"]
[WhiteElo "2292"]
[BlackElo "2428"]

1.d4 Nf6 2.c4 e6 3.Nc3 Bb4 4.Nf3 d5 5.cxd5 exd5 6.Bg5 Nbd7 7.Qa4 Bxc3+ 8.bxc3 O-O
9.e3 h6 10.Bh4 c5 11.Bd3 c4 12.Bc2 g5 13.Bg3 Nb6 14.Qb4 Ne4 15.Bxe4 dxe4
16.Nd2 Nd5 17.Qd6 Qxd6 18.Bxd6 Rd8 19.Ba3 Nxc3 20.Nxc4 b5 21.Na5 Be6 22.Kd2 Rdc8
23.Bc5 Na4 24.Bb4 Nb2 25.f3 Bd5 26.Rhf1 f5 27.h4 Kg7 28.Bd6 gxh4 29.Rab1 Nc4+
30.Nxc4 Bxc4 31.Rh1 Bd3 32.Rb2 Rc6 33.Bc5 Rg6 34.Ke1 Kh7 35.Rxh4 Rag8 36.Rh2 a5
37.f4 a4 38.Kf2 Rc6 39.a3 Rgc8 40.Ke1 Kg6 41.Rh3 Kf7 42.Rg3 Rxc5 43.dxc5 Rxc5
44.Kd2 Rd5 45.Kc3 Rc5+ 46.Kd2 Rd5 47.Kc3 Rc5+ 48.Kd2 Rd5 49.Kc3  1/2-1/2

[Event "ch-SRB"]
[Site "Kragujevac SRB"]
[Date "2009.04.03"]
[Round "2"]
[White "Sedlak,N"]
[Black "Bogosavljevic,B"]
[Result "1/2-1/2"]
[WhiteElo "2572"]
[BlackElo "2526"]

1.d4 Nf6 2.c4 e6 3.Nc3 Bb4 4.Nf3 c5 5.g3 cxd4 6.Nxd4 O-O 7.Bg2 d5 8.cxd5 Nxd5
9.Qb3 Qa5 10.Bd2 Nc6 11.Nxc6 bxc6 12.O-O Bxc3 13.bxc3 Ba6 14.Rfd1 Qc5 15.e4 Bc4
16.Qa4 Nb6 17.Qb4 Qh5 18.Re1 c5 19.Qa5 Rfc8 20.Bf4 e5 21.g4 Qxg4  1/2-1/2

[Event "Congress Premier"]
[Site "Edinburgh SCO"]
[Date "2009.04.04"]
[Round "3"]
[White "Burnett,A"]
[Black "Hogg,S"]
[Result "1-0"]
[WhiteElo "2202"]
[BlackElo "1965"]

1.d4 Nf6 2.c4 e6 3.Nc3 Bb4 4.Nf3 c5 5.g3 cxd4 6.Nxd4 a6 7.Bg2 Nc6 8.O-O O-O
9.Na4 Qc7 10.a3 Be7 11.b4 d5 12.cxd5 Nxd5 13.Bb2 Bd7 14.Rc1 Rfd8 15.Nc5 Nxd4
16.Bxd5 Bb5 17.Qxd4 Bf6 18.Qxf6 gxf6 19.Ne4 Qb6 20.Nxf6+ Kf8 21.Nxh7+ Ke8
22.Bf3 Rac8 23.Bf6 Rxc1 24.Rxc1 Ra8 25.h4 Bc6 26.Bxc6+ bxc6 27.h5 a5 28.h6 axb4
29.axb4 Ra2 30.e3 Qxb4 31.Rd1 Rd2 32.Rxd2 Qxd2 33.Ng5  1-0

[Event "10th TCh-RUS w"]
[Site "Dagomys RUS"]
[Date "2009.04.07"]
[Round "5"]
[White "Tarasova,Viktoriy"]
[Black "Turova,I"]
[Result "1/2-1/2"]
[WhiteElo "2292"]
[BlackElo "2396"]

1.d4 Nf6 2.c4 e6 3.Nc3 Bb4 4.Nf3 Ne4 5.Qc2 f5 6.g3 b6 7.Bg2 Bb7 8.Nd2 Bxc3
9.bxc3 Nd6 10.e4 O-O 11.O-O fxe4 12.Nxe4 Nxe4 13.Bxe4 Bxe4 14.Qxe4 Nc6 15.Ba3 Re8
16.d5 Na5 17.Rfe1 Qf6 18.Re3 Qf5 19.Rae1 Qxe4 20.Rxe4 c5 21.dxc6 Nxc6 22.Rd1 d5
23.cxd5 exd5 24.Rxe8+ Rxe8 25.Rxd5 Re2 26.Rf5 h6 27.Rf8+ Kh7 28.Rc8 Ne5 29.Rc7 Kg8
30.Rc8+ Kh7 31.Rc7 Kg8 32.Rc8+  1/2-1/2

[Event "16th TCh-RUS Premier"]
[Site "Dagomys RUS"]
[Date "2009.04.09"]
[Round "6"]
[White "Belov,Vl"]
[Black "Ivanchuk,V"]
[Result "1/2-1/2"]
[WhiteElo "2623"]
[BlackElo "2746"]

1.d4 Nf6 2.c4 e6 3.Nc3 Bb4 4.Nf3 d5 5.cxd5 exd5 6.Bg5 Nbd7 7.e3 c5 8.Bd3 Qa5
9.Qc2 c4 10.Bf5 O-O 11.O-O Re8 12.Nd2 g6 13.Bh3 Bxc3 14.bxc3 Ne4 15.Nxe4 dxe4
16.Bxd7 Bxd7 17.Bf4 Qd5 18.a4 b6 19.Rfb1 Re6 20.Qa2 g5 21.Be5 h5 22.h3 Rc8
23.Qe2 f6 24.Bh2 h4 25.Rb4 Kg7 26.Rab1 Re7 27.Qh5 Rf7 28.Ra1 Rff8 29.Qe2 Rfe8
30.Rab1 Kg6 31.Kh1 Rh8 32.Rf1 g4 33.hxg4 h3 34.f4 hxg2+ 35.Kxg2 f5 36.Bg3 Rh7
37.g5 Qe6  1/2-1/2

[Event "Foxwoods Open"]
[Site "Ledyard USA"]
[Date "2009.04.09"]
[Round "2"]
[White "Lenderman,A"]
[Black "Mandiza,F"]
[Result "1-0"]
[WhiteElo "2434"]
[BlackElo "2313"]

1.d4 Nf6 2.c4 e6 3.Nc3 Bb4 4.Nf3 O-O 5.g3 d5 6.Qb3 c5 7.dxc5 Na6 8.a3 Ba5
9.Be3 Ng4 10.Bd4 e5 11.Nxe5 Nxe5 12.Bxe5 Nxc5 13.Qd1 dxc4 14.Bg2 Bg4 15.Qd6 Bxc3+
16.bxc3 Qa5 17.Bxg7 Kxg7 18.Qd4+ Kh6 19.Qf6+ Kh5 20.h3 Nd3+ 21.exd3 Rae8+
22.Be4  1-0

[Event "ch-SRB"]
[Site "Kragujevac SRB"]
[Date "2009.04.10"]
[Round "8"]
[White "Sedlak,N"]
[Black "Perunovic,Mil"]
[Result "0-1"]
[WhiteElo "2572"]
[BlackElo "2580"]

1.d4 Nf6 2.c4 e6 3.Nc3 Bb4 4.Nf3 b6 5.Bg5 Bb7 6.Nd2 h6 7.Bh4 Nc6 8.e3 Bxc3
9.bxc3 d6 10.Bd3 Qe7 11.f4 O-O-O 12.O-O Rhg8 13.Ne4 Na5 14.Nxf6 gxf6 15.e4 Rg6
16.Rf2 Rdg8 17.Qh5 Qe8 18.d5 Kb8 19.h3 Ba6 20.f5 exf5 21.exf5 Rxg2+ 22.Rxg2 Qe3+
23.Bf2 Rxg2+ 24.Kxg2 Qxd3 25.Rd1 Qc2 26.Rd4 Nxc4 27.Qxh6 Ne5 28.Qd2 Qxf5
29.Rf4 Qg5+ 30.Bg3 Nd3 31.Kh2 Nxf4 32.Bxf4 Qf5 33.h4 Bc4 34.Kg3 Qg6+ 35.Kh3 Qh5
36.Bg3 Bxd5  0-1

[Event "XXXII Open"]
[Site "Donostia San Sebastian ESP"]
[Date "2009.04.11"]
[Round "9"]
[White "San Segundo Carrillo,P"]
[Black "Spassov,L"]
[Result "1-0"]
[WhiteElo "2560"]
[BlackElo "2433"]

1.d4 Nf6 2.c4 e6 3.Nc3 Bb4 4.Nf3 d5 5.Bg5 Nbd7 6.cxd5 exd5 7.e3 c5 8.Be2 Qa5
9.O-O c4 10.Qc2 O-O 11.Nd2 Re8 12.Bf3 h6 13.Bh4 g5 14.Bg3 Nb6 15.Rfd1 Bd7
16.Nb3 cxb3 17.axb3 Na4 18.Nxa4 Qb5 19.Be5 Ng4 20.Nc3 Bxc3 21.bxc3 Nxe5 22.dxe5 Bc6
23.Be2 Qb6 24.Qf5 Qxb3 25.Bd3 Qxc3 26.Qh7+ Kf8 27.Qh8+ Ke7 28.Qf6+  1-0

[Event "Foxwoods Open"]
[Site "Ledyard USA"]
[Date "2009.04.12"]
[Round "9"]
[White "Kacheishvili,G"]
[Black "Friedel,J"]
[Result "1/2-1/2"]
[WhiteElo "2613"]
[BlackElo "2516"]

1.d4 Nf6 2.c4 e6 3.Nc3 Bb4 4.Nf3 b6 5.Bg5 h6 6.Bh4 g5 7.Bg3 Ne4 8.Qc2 Bb7
9.Be5 f6 10.d5 fxe5 11.Qxe4 Qf6 12.Rc1 Na6 13.h4 g4 14.Qxe5 Ke7 15.Qxf6+ Kxf6
16.Nd2 exd5 17.Nxd5+ Bxd5 18.cxd5 Nc5 19.Rc4 Rae8 20.Rf4+ Kg6 21.Kd1 Bxd2
22.Kxd2 Ne4+ 23.Ke1 g3 24.fxg3 Nf6 25.e4 Rxe4+ 26.Kf2 Re5 27.Bd3+ Kg7 28.Re1 Rhe8
29.Rxe5 Rxe5 30.d6 c5 31.b4 Rd5 32.Ke2 cxb4 33.Rxb4 Rxd6 34.Bf5 Rd5 35.Bc2 Re5+
36.Kd2 d5 37.Rf4 h5 38.Bf5 Ne4+ 39.Bxe4 dxe4 40.a4 Rd5+ 41.Ke2 Rd4 42.a5 bxa5
43.Rf5 Kg6 44.Rg5+ Kh6 45.Rxa5 Rd7 46.Ra6+ Kh7 47.Re6 Rd3 48.Kf2 Rd2+ 49.Kg1 Rd3
50.Kh2 e3 51.Re5 Kg6 52.g4 Rd4 53.gxh5+  1/2-1/2

[Event "Sydney International Open"]
[Site "Parramatta AUS"]
[Date "2009.04.15"]
[Round "2"]
[White "Mohota,N"]
[Black "Zhao Zong Yuan"]
[Result "1/2-1/2"]
[WhiteElo "2304"]
[BlackElo "2583"]

1.d4 Nf6 2.c4 e6 3.Nc3 Bb4 4.Nf3 b6 5.e3 O-O 6.Bd3 Bb7 7.O-O Bxc3 8.bxc3 Ne4
9.Ne1 f5 10.f3 Nf6 11.Qc2 d6 12.e4 fxe4 13.fxe4 Nbd7 14.Nf3 e5 15.a4 Qe7
16.d5 a5 17.Be3 Nc5 18.Ng5 Bc8 19.Bxc5 dxc5 20.Nf3 Bd7 21.Qf2 Nh5 22.Qe3 h6
23.g3 Bh3 24.Rf2 Nf6 25.Rb2 Ng4 26.Qe2 Rf7 27.Nh4 Qg5 28.Qd2 Qf6 29.Nf5 Kh7
30.Bf1 Bxf1 31.Rxf1 Qg6 32.h3 Nf6 33.Qe3 Raf8 34.Rbf2 Nd7 35.Nh4 Qh5 36.Rxf7 Rxf7
37.Rxf7 Qxf7 38.Qf3 Kg8 39.Qxf7+ Kxf7 40.Nf3 Kf6 41.Nd2 g5 42.Kf2 Ke7 43.Kf3 Nf6
44.Nf1 h5 45.Ne3 Ne8 46.Nf5+ Kf6  1/2-1/2

[Event "Sydney International Open"]
[Site "Parramatta AUS"]
[Date "2009.04.16"]
[Round "3"]
[White "Tan,Kev AUS"]
[Black "Amrutha,M"]
[Result "1/2-1/2"]
[WhiteElo "1956"]
[BlackElo "2155"]

1.d4 Nf6 2.c4 e6 3.Nc3 Bb4 4.Nf3 c5 5.g3 Nc6 6.Bg2 Ne4 7.Bd2 Bxc3 8.Bxc3 cxd4
9.Nxd4 Nxc3 10.bxc3 Qa5 11.O-O O-O 12.Qb3 a6 13.Nxc6 bxc6 14.Qb4 Qe5 15.e3 a5
16.Qa4 Ba6 17.Rfc1 Rab8 18.Rc2 Rb7 19.Rac1 Rfb8 20.Bf1 Qc5 21.Be2 h5 22.h4 Qf5
23.Qa3 Qe5 24.Qe7  1/2-1/2

[Event "4th Open"]
[Site "Angers FRA"]
[Date "2009.04.19"]
[Round "6"]
[White "Soyer,J"]
[Black "Delorme,Ax"]
[Result "0-1"]
[WhiteElo "2092"]
[BlackElo "2394"]

1.Nf3 Nf6 2.c4 e6 3.d4 Bb4+ 4.Nc3 d5 5.e3 O-O 6.Bd3 c5 7.O-O Nc6 8.a3 Bxc3
9.bxc3 Qc7 10.cxd5 exd5 11.h3 Re8 12.Bb2 c4 13.Bc2 Ne4 14.Nd2 Bf5 15.Nxe4 Bxe4
16.Bxe4 Rxe4 17.Bc1 Re6 18.Qh5 Qd7 19.Rb1 Na5 20.Re1 Rae8 21.Qf5 Nb3 22.Bb2 g6
23.Qf4 Re4 24.Qg3 f5 25.f4 Qe7 26.Kf2 Qg7 27.Rbd1 Qh6 28.Re2 a5 29.a4 Qg7
30.Qg5 h6  0-1

[Event "K41 Scandinavian Open"]
[Site "Copenhagen DEN"]
[Date "2009.04.20"]
[Round "4"]
[White "Tikkanen,H"]
[Black "Drozdovskij,Y"]
[Result "0-1"]
[WhiteElo "2425"]
[BlackElo "2603"]

1.d4 Nf6 2.c4 e6 3.Nc3 Bb4 4.Nf3 d5 5.cxd5 exd5 6.Bg5 Nbd7 7.Rc1 c6 8.a3 Bxc3+
9.Rxc3 O-O 10.Nd2 h6 11.Bh4 Re8 12.e3 c5 13.Bxf6 Qxf6 14.Nf3 c4 15.g3 b5
16.Bg2 Nb6 17.b3 Bf5 18.O-O a5 19.bxc4 dxc4 20.Ne5 Rad8 21.Qe1 b4 22.Rc1 b3
23.Qxa5 b2 24.Rb1 Bxb1 25.Rxb1 Rxe5 26.dxe5 Qg6 27.e4 Qc6 28.Rxb2 Rd1+ 29.Bf1 c3
30.Rxb6 Qc4 31.Qb5 Rxf1+ 32.Kg2 Qxb5 33.Rxb5 c2 34.Kxf1 c1=Q+ 35.Kg2 Qxa3
36.Rd5 g5 37.Rd6 Kg7 38.Rd5 g4 39.Rd2 Qf3+ 40.Kf1 Qh1+  0-1

[Event "11th Open St-Quentin en Yvelines"]
[Site "Elancourt FRA"]
[Date "2009.04.22"]
[Round "6"]
[White "Le Port,L"]
[Black "Duval,D"]
[Result "1/2-1/2"]
[WhiteElo "1577"]
[BlackElo "1846"]

1.d4 Nf6 2.c4 e6 3.Nf3 Bb4+ 4.Nc3 O-O 5.Bf4 c5 6.Bd6 Ne4 7.Bxf8 Nxc3 8.bxc3 Bxc3+
9.Nd2 Bxa1 10.Bxg7 Bxd4 11.Bxd4 cxd4 12.Nb3 Nc6 13.g3 d5 14.c5 e5 15.Bg2 Bf5
16.Qc1 Nb4 17.Qd2 a5 18.O-O Bg6 19.Rc1 Nc6 20.a4 Qd7 21.Ra1 Qe6 22.Qg5 Ne7
23.Nd2 Rc8 24.Bh3  1/2-1/2

[Event "K41 Scandinavian Open"]
[Site "Copenhagen DEN"]
[Date "2009.04.26"]
[Round "11"]
[White "Tikkanen,H"]
[Black "Smith,Ax"]
[Result "1/2-1/2"]
[WhiteElo "2425"]
[BlackElo "2383"]

1.d4 Nf6 2.c4 e6 3.Nc3 Bb4 4.Nf3 d5 5.cxd5 exd5 6.Bg5 h6 7.Bh4 g5 8.Bg3 Ne4
9.Nd2 Nxc3 10.bxc3 Bxc3 11.Rc1 Bb2 12.Bxc7 Qe7 13.Bd6 Qd8 14.Bc7 Qe7 15.Bd6 Qd8
16.Bc7  1/2-1/2

[Event "11th Dubai Open"]
[Site "Dubai UAE"]
[Date "2009.04.29"]
[Round "4"]
[White "Mchedlishvili,M"]
[Black "Jankovic,A"]
[Result "0-1"]
[WhiteElo "2586"]
[BlackElo "2540"]

1.d4 Nf6 2.c4 e6 3.Nf3 Bb4+ 4.Nc3 b6 5.Bg5 h6 6.Bh4 g5 7.Bg3 Ne4 8.Qc2 Bb7
9.e3 Bxc3+ 10.bxc3 d6 11.Bd3 f5 12.d5 Nd7 13.Nd4 Ndc5 14.O-O Qf6 15.Bxe4 fxe4
16.f4 exd5 17.fxg5 Qxg5 18.Rf4 Ba6 19.Bh4 Qh5 20.cxd5 Rf8 21.Ne6 Nxe6 22.Qa4+ b5
23.Qxe4 Rxf4 24.Qxe6+ Kf8 25.Be7+ Kg7 26.exf4 Qf7 27.Re1 Bb7 28.Re3 Bxd5
29.Bf6+ Kf8 30.Qf5 Re8 31.Rxe8+ Qxe8 32.Be7+ Kxe7 33.Qxd5 Qf7 34.Qxf7+ Kxf7
35.g4 a5 36.Kf2 c5 37.Ke3 d5 38.Kd3 a4 39.c4 dxc4+ 40.Kc3 a3 41.h4 Kg6 42.g5 h5
43.Kd2 b4 44.Kc2 c3  0-1

[Event "TOP 16 GpB"]
[Site "Chalons en Champagne FRA"]
[Date "2009.04.30"]
[Round "4"]
[White "Landa,K"]
[Black "Parligras,M"]
[Result "1/2-1/2"]
[WhiteElo "2627"]
[BlackElo "2586"]

1.d4 Nf6 2.c4 e6 3.Nc3 Bb4 4.Nf3 c5 5.g3 Nc6 6.Bg2 Ne4 7.Bd2 Nxd2 8.Qxd2 cxd4
9.Nxd4 Ne5 10.Nf3 Nxf3+ 11.Bxf3 O-O 12.O-O Rb8 13.a3 Bxc3 14.Qxc3 b6 15.Rfd1 Bb7
16.Rd4 f6 17.Rad1 Rf7 18.Rd6 Bxf3 19.exf3 Qc7 20.R1d4 Rb7 21.Qd3 a5 22.a4 f5
23.h4 h6 24.h5 Re7 25.Kg2 Rf7 26.b3 Ra7 27.Qd2 Rb7 28.Rd3 Re7 29.Qe3 Rf7
30.Qd4 Kf8 31.Qe5 Ra7 32.Qb5 Rb7 33.Qe5 Ra7 34.Qe3 Rb7 35.g4 fxg4 36.fxg4 Kg8
37.Qd4 Qb8 38.f3 Qc7 39.Qe5 Qb8 40.Qe4 Qc7 41.Qg6 Qc5 42.Rxd7 Rbxd7 43.Rxd7 Rxd7
44.Qe8+ Kh7 45.Qxd7 Qe3 46.Qd1 e5 47.Qb1+ Kg8 48.Qc2 Kh8 49.Qe4 Qxb3 50.Qxe5 Qxa4
51.Qb8+ Kh7 52.Qxb6 Qc2+ 53.Kg3 a4 54.Qa6 Kh8 55.Qa8+ Kh7 56.Qa6 Kh8 57.Kf4 Qc1+
58.Ke4 a3 59.Qc8+ Kh7 60.Qf5+ Kh8 61.Qf8+ Kh7 62.Qf5+ Kh8 63.Qc8+ Kh7 64.Qf5+  1/2-1/2

[Event "84th ch-ARG Semifinal"]
[Site "La Plata ARG"]
[Date "2009.04.30"]
[Round "1"]
[White "Ligato,G"]
[Black "Slipak,S"]
[Result "0-1"]
[WhiteElo "2002"]
[BlackElo "2452"]

1.d4 Nf6 2.c4 e6 3.Nc3 Bb4 4.Nf3 b6 5.Qc2 Bb7 6.a3 Bxc3+ 7.Qxc3 d6 8.g3 Nbd7
9.Bg2 O-O 10.O-O Qe7 11.b4 c5 12.dxc5 bxc5 13.Bb2 Rac8 14.Rfc1 Nb6 15.Qd3 e5
16.Nh4 Bxg2 17.Nxg2 Qe6 18.Ne3 Rfd8 19.b5 Na4 20.Qc2 Nxb2 21.Qxb2 Re8 22.a4 h5
23.Qc2 e4 24.a5 Qh3 25.Qd1 Rcd8 26.b6 axb6 27.axb6 h4 28.b7 hxg3 29.hxg3 g6
30.Rcb1 Kg7 31.Qf1 Qd7 32.Ra6 Rh8 33.Qg2 Rb8 34.Rab6 Qe7 35.Rd1 Rhd8 36.Rdb1 Rd7
37.Qh3 Rdxb7 38.Rxb7 Rxb7 39.Rxb7 Qxb7 40.Qh4 Qb2 41.Qf4 Qd4 42.Qg5 Qe5 43.Qxe5 dxe5
44.Kf1 Ne8 45.Ke1 f5 46.Kd2 Nd6 47.Kc3 Kf6 48.Nd5+ Kg5 49.Nb6 e3 50.f3 e4
51.Nd7 exf3 52.exf3 f4 53.Kd3 fxg3 54.Kxe3 Kh4 55.Nxc5 Kh3 56.Ne6 Nxc4+ 57.Ke4 Kh2
58.Nf4 Nd2+ 59.Kd3  0-1

[Event "Copenhagen Chess Challenge"]
[Site "Ballerup DEN"]
[Date "2009.05.07"]
[Round "2"]
[White "Tikkanen,H"]
[Black "Hagen,Andr"]
[Result "1-0"]
[WhiteElo "2425"]
[BlackElo "2278"]

1.d4 Nf6 2.c4 e6 3.Nc3 Bb4 4.Nf3 b6 5.Bg5 h6 6.Bh4 g5 7.Bg3 Ne4 8.Qc2 Bb7
9.e3 Bxc3+ 10.bxc3 Nxg3 11.fxg3 g4 12.Nh4 Qg5 13.Kf2 f5 14.Bd3 O-O 15.Rhf1 Nc6
16.Rae1 Ne7 17.Kg1 d5 18.cxd5 Nxd5 19.Qc1 Rae8 20.e4 Qxc1 21.Rxc1 Ne3 22.Rfe1 fxe4
23.Bb5 c6 24.Ba4 Nd5 25.Rxe4 Nf6 26.Re5 Nd7 27.Re3 Rf6 28.Rce1 Kf7 29.Bc2 Rd8
30.Bb3 Re8 31.Nf5 Rxf5 32.Rxe6 Rxe6 33.Bxe6+ Kf6 34.Bxd7 Ra5 35.Bxg4 c5 36.Re6+ Kg5
37.Be2 cxd4 38.Bd3 Rxa2 39.Rg6+ Kh5 40.g4+ Kh4 41.g3+ Kh3 42.Bf1+ Bg2 43.Rxh6+ Kxg4
44.Bxg2 dxc3 45.Rh4+ Kg5 46.Rc4 c2 47.h4+ Kh6 48.Kh2 b5 49.Rc6+ Kg7 50.h5 b4
51.h6+ Kh7 52.Be4+  1-0

[Event "GM"]
[Site "Ostrava CZE"]
[Date "2009.05.09"]
[Round "6"]
[White "Socko,B"]
[Black "Hracek,Z"]
[Result "1/2-1/2"]
[WhiteElo "2637"]
[BlackElo "2604"]

1.d4 Nf6 2.c4 e6 3.Nc3 Bb4 4.Nf3 c5 5.g3 cxd4 6.Nxd4 O-O 7.Bg2 d5 8.cxd5 Nxd5
9.Qb3 Nc6 10.Nxc6 bxc6 11.O-O Rb8 12.a3 Nxc3 13.bxc3 Bd6 14.Qa4 Qc7 15.Qxc6 Qxc6
16.Bxc6 Ba6 17.Bf3 Rb3 18.Rd1 Bc5 19.Be3 Bxe3 20.fxe3 Rxc3 21.Rd7 Rxe3 22.Kf2 Rb3
23.Rxa7 Bc4 24.Rd1 e5 25.Rc1 Be6 26.Rc5 g6 27.Rxe5 Rc8 28.Re3 Rb2 29.h4 Rc5
30.g4 h6 31.Be4 g5 32.Bh7+ Kf8 33.Bg6 gxh4 34.Bxf7 Bxf7 35.Rf3 Re5 36.Raxf7+ Kg8
37.Kf1 Rbxe2 38.Rf8+  1/2-1/2

[Event "BHTelecom Open"]
[Site "Sarajevo BIH"]
[Date "2009.05.14"]
[Round "4"]
[White "Sedlak,N"]
[Black "Cabrilo,G"]
[Result "1-0"]
[WhiteElo "2572"]
[BlackElo "2504"]

1.d4 Nf6 2.c4 e6 3.Nc3 Bb4 4.Nf3 b6 5.Bg5 Bb7 6.Nd2 h6 7.Bh4 Bxc3 8.bxc3 d6
9.f3 Nbd7 10.e4 Qe7 11.Bd3 g5 12.Bf2 Nh5 13.O-O O-O 14.Re1 Nf4 15.Bf1 e5
16.c5 dxc5 17.Nc4 cxd4 18.cxd4 exd4 19.Qxd4 Rad8 20.Qc3 Nc5 21.Ne3 Ncd3 22.Nf5 Qe5
23.Qxe5 Nxe5 24.Bd4 f6 25.Nxh6+ Kh7 26.Bxe5 fxe5 27.Ng4 Ng6 28.Rec1 c6 29.a4 Rd6
30.a5 b5 31.Bxb5 Bc8 32.Rxc6 Rxc6 33.Bxc6 Bxg4 34.fxg4 Nf4 35.Bb5 Rb8 36.Bf1 Kg7
37.Rc1  1-0

[Event "8th Asian Continental Open"]
[Site "Subic Bay PHI"]
[Date "2009.05.16"]
[Round "4"]
[White "Harika,D"]
[Black "Zhou Weiqi"]
[Result "1/2-1/2"]
[WhiteElo "2474"]
[BlackElo "2563"]

1.d4 Nf6 2.c4 e6 3.Nc3 Bb4 4.Nf3 b6 5.Bg5 Bb7 6.e3 h6 7.Bh4 g5 8.Bg3 Ne4
9.Qc2 Bxc3+ 10.bxc3 d6 11.Bd3 f5 12.d5 exd5 13.cxd5 Bxd5 14.Nd4 Nd7 15.f3 Nxg3
16.hxg3 Qf6 17.Bxf5 O-O-O 18.Qa4 a5 19.Kf2 Bb7 20.g4 Rhe8 21.Rhe1 Re5 22.Rab1 d5
23.c4 dxc4 24.Qxc4 Rc5 25.Qe6 Kb8 26.Rh1 Bd5 27.Qxf6 Nxf6 28.Rxh6 Rf8 29.Rb2 Rc4
30.Kg3 Ra4 31.Ne6 Bxe6 32.Bxe6 Ra3 33.Re2 Rd3 34.Bf5 Rd6 35.Rg6 Rg8 36.Rxg8+ Nxg8
37.f4 b5 38.fxg5 Ne7 39.g6 Nxg6 40.Bxg6 Rxg6 41.Kf4 c5 42.Kf5 Rg8 43.g5 Kc7
44.g6 Kd6 45.Kf6 Rf8+ 46.Kg5 Rg8 47.Kf6 Rf8+ 48.Kg7 Rc8 49.Kf7 c4 50.g7 b4
51.g8=Q Rxg8 52.Kxg8 a4 53.g4 b3 54.axb3 axb3 55.Rb2 Kc5 56.g5 Kb4 57.g6 c3
58.Rxb3+ Kxb3 59.g7 c2 60.Kf8 c1=Q 61.g8=Q+ Qc4  1/2-1/2

[Event "CICC Open"]
[Site "Calgary CAN"]
[Date "2009.05.17"]
[Round "7"]
[White "Ristovic,N"]
[Black "Peter,St"]
[Result "1-0"]
[WhiteElo "2252"]
[BlackElo "2264"]

1.d4 Nf6 2.c4 e6 3.Nc3 Bb4 4.Nf3 d5 5.Bg5 Nbd7 6.e3 c5 7.Bxf6 Nxf6 8.a3 Bxc3+
9.bxc3 Qa5 10.Qb3 O-O 11.Nd2 Bd7 12.Bd3 b5 13.cxb5 c4 14.Nxc4 dxc4 15.Bxc4 Rac8
16.Rc1 Rc7 17.Bd3 Rfc8 18.Qb4 Qxb4 19.axb4 Rxc3 20.Rxc3 Rxc3 21.Kd2 Rc7 22.e4 Kf8
23.Ra1 Bc8 24.f3 h6 25.h4 g5 26.hxg5 hxg5 27.g4 Nd7 28.d5 exd5 29.exd5 Ke7
30.Ke3 Nb6 31.Kd4 Kd6 32.Be4 f6 33.Ra3 Bd7 34.Ra5 Be8 35.Kd3 Bf7 36.Kd4 Bg8
37.Ra6 Bf7 38.Ra5 Nxd5 39.Bxd5 Bxd5 40.Ra6+ Bc6 41.bxc6 Rxc6 42.Rxa7 Ke6
43.Ra5 Rc1 44.Rf5 Rc2 45.b5 Rc1 46.b6  1-0

[Event "BHTelecom Open"]
[Site "Sarajevo BIH"]
[Date "2009.05.17"]
[Round "8"]
[White "Sedlak,N"]
[Black "Drasko,M"]
[Result "1/2-1/2"]
[WhiteElo "2572"]
[BlackElo "2527"]

1.d4 e6 2.c4 Nf6 3.Nc3 Bb4 4.Nf3 c5 5.g3 Nc6 6.Bg2 Ne4 7.Bd2 Bxc3 8.Bxc3 Nxc3
9.bxc3 d6 10.O-O O-O 11.Qd3 cxd4 12.cxd4 e5 13.Rfd1 Qf6 14.Qd2 Bg4 15.d5 Bxf3
16.Bxf3 Nd4 17.Be4 Rac8 18.Rac1 b6 19.f4 Nf5 20.Rf1 Nh6 21.f5 Ng4 22.h3 Qh6
23.Qxh6 Nxh6 24.f6 Rfd8  1/2-1/2

[Event "8th Asian Continental Open"]
[Site "Subic Bay PHI"]
[Date "2009.05.17"]
[Round "5"]
[White "Batchuluun,T"]
[Black "Ghaem Maghami,E"]
[Result "0-1"]
[WhiteElo "2391"]
[BlackElo "2593"]

1.d4 Nf6 2.c4 e6 3.Nc3 Bb4 4.Nf3 b6 5.Qb3 a5 6.a3 Bxc3+ 7.Qxc3 Bb7 8.g3 d5
9.Bg2 dxc4 10.Qxc4 Bd5 11.Qa4+ Nbd7 12.O-O O-O 13.Be3 c5 14.Rac1 Qe7 15.dxc5 bxc5
16.Nd2 Bxg2 17.Kxg2 Nd5 18.Nc4 N7b6 19.Qb5 Nxc4 20.Rxc4 Rab8 21.Qxa5 Nxe3+
22.fxe3 Rxb2 23.Qxc5 Rxe2+ 24.Kf3 Qxc5 25.Rxc5 Ra2 26.Ra5 Rxh2 27.Ra7 h5
28.a4 Rb8 29.a5 Rb4 30.Ra8+ Kh7 31.Ra7 Kg6 32.Rf2 Rxf2+ 33.Kxf2 Ra4 34.a6 f5
35.Kf3 Kf6 36.Ra8 g5 37.a7 Ke5 38.e4 g4+ 39.Kf2 Kxe4 40.Re8 Ra2+ 41.Kg1 Rxa7
42.Rxe6+ Kf3  0-1

[Event "8th Asian Continental Open"]
[Site "Subic Bay PHI"]
[Date "2009.05.19"]
[Round "7"]
[White "Nolte,R"]
[Black "Priyadharshan,K"]
[Result "1/2-1/2"]
[WhiteElo "2479"]
[BlackElo "2411"]

1.d4 Nf6 2.c4 e6 3.Nc3 Bb4 4.Nf3 Nc6 5.Qc2 d6 6.Bd2 O-O 7.a3 Bxc3 8.Bxc3 Re8
9.Rd1 Qe7 10.e3 a5 11.Be2 e5 12.d5 Nb8 13.b3 Nbd7 14.O-O e4 15.Nd4 Ne5 16.h3 Bd7
17.Qd2 a4 18.b4 h6 19.Bb2 Ng6 20.Nb5 Rac8 21.Kh2 Nh7 22.Qd4 Qe5+ 23.Qxe5 Nxe5
24.Nc3 f5 25.c5 Ng5 26.Rd4 Ra8 27.Rfd1 dxc5 28.bxc5 Ra5 29.Rb4 Rxc5 30.Rxb7 Ngf7
31.Rb4 Nd6 32.Rdd4 Ra8 33.f4 exf3 34.gxf3 Rca5 35.f4 Ng6 36.Kg3 Ne7 37.h4 Nec8
38.h5 Nb6 39.Kf2 Be8 40.Bf3 Bf7 41.Ba1 Be8 42.e4 fxe4 43.Nxe4 Nbc8 44.Nxd6 Nxd6
45.Rd1 Bf7 46.Rc1 Bxd5 47.Rxc7 Ne8 48.Bxd5+ Rxd5 49.Rcc4 Rxh5 50.Rxa4 Rd8
51.Rd4 Rc8 52.Rac4 Rxc4 53.Rxc4 Rh2+ 54.Kg3 Ra2 55.Be5 Rxa3+ 56.Kg4 Kf7 57.Rc6 Ra5
58.Rb6 Ra7 59.Kf5 Nc7 60.Rg6 Ne8 61.Rb6 Re7 62.Rc6 Rd7 63.Rb6 Ra7 64.Rc6 Rb7
65.Ra6  1/2-1/2

[Event "8th Asian Continental Open"]
[Site "Subic Bay PHI"]
[Date "2009.05.20"]
[Round "8"]
[White "Murshed,N"]
[Black "Megaranto,S"]
[Result "1/2-1/2"]
[WhiteElo "2407"]
[BlackElo "2553"]

1.c4 Nf6 2.Nc3 e6 3.d4 Bb4 4.Nf3 b6 5.Qb3 Bxc3+ 6.Qxc3 Bb7 7.Bg5 h6 8.Bh4 d6
9.Nd2 Nbd7 10.e3 Rc8 11.O-O-O c5 12.d5 O-O 13.dxe6 fxe6 14.Rg1 Nd5 15.cxd5 Qxh4
16.dxe6 Nf6 17.f4 c4 18.Nf3 Qh5 19.Nd4 Qxh2 20.Be2 Nd5 21.Qa3 c3 22.Bf3 Nxe3
23.e7 Rfe8 24.Bxb7 Nxd1 25.Rxd1 Qxf4+ 26.Kb1 Rc7 27.Bd5+ Kh8 28.bxc3 Rcxe7
29.Qc1 Qg3 30.Bc6 Rf8 31.Bf3 Re5 32.Qc2 Qf4 33.Qd2 Qf6 34.Nb3 Rf5 35.Qd4 Rf4
36.Qxf6 R8xf6 37.Nd4 g5 38.Re1 Rf7 39.Re6 R7f6 40.Re8+ Rf8 41.Re6 R8f6 42.Re8+ Rf8
43.Re6  1/2-1/2

[Event "8th Asian Continental Open"]
[Site "Subic Bay PHI"]
[Date "2009.05.20"]
[Round "8"]
[White "Li Shilong"]
[Black "Batchuluun,T"]
[Result "1/2-1/2"]
[WhiteElo "2557"]
[BlackElo "2391"]

1.d4 e6 2.c4 Nf6 3.Nc3 Bb4 4.Nf3 b6 5.Qc2 Bb7 6.a3 Bxc3+ 7.Qxc3 d6 8.e3 Nbd7
9.Be2 O-O 10.O-O a5 11.b3 Ne4 12.Qc2 f5 13.Bb2 Qe7 14.Rad1 Rae8 15.Ne1 Qg5
16.Qc1 Qh4 17.Nf3 Qh6 18.d5 e5 19.Nd2 Nxd2 20.Qxd2 f4 21.exf4 Qxf4 22.Qxf4 Rxf4
23.Bc1 Rff8 24.Be3 Nf6 25.f3 Ra8 26.Rd2 Bc8 27.f4 Ne4 28.Rb2 exf4 29.Bxf4 Bf5
30.Be3 Rae8 31.Bd4 Nc5 32.Bd1 Bd3 33.Rxf8+ Rxf8 34.Bf3 Re8 35.h4 Re1+ 36.Kf2 Rb1
37.Ke3 Rxb2 38.Bxb2 Bf5 39.b4 axb4 40.axb4  1/2-1/2